000 00961nam a2200241 i 4500
001 67136
003 ES-MaACL
005 20250806062532.0
007 t|
008 910816s1988 sp f |||| | spa d
020 _a84-7812-024-6
080 _a061.235(464.1 M.)
100 1 _aAzorín, Francisco,
_d1915-
_924331
245 1 0 _aMomento fundacional de la Económica Matritense /
_cpor Francisco Azorín.
260 _aMadrid :
_bAyuntamiento de Madrid, Área de Cultura, Educación, Juventud y Deportes :
_bInstituto de Estudios Madrileños,
_c1988.
300 _a24 p., [3] h. de lám ;
_c22 cm.
490 1 _aCiclo de conferencias: El Madrid de Carlos III ;
_v13
610 2 7 _aReal Sociedad Económica Matritense de Amigos del País-
_vHistoria.
_96390
710 2 _aInstituto de Estudios Madrileños
_94916
830 0 0 _aCiclo de conferencias: El Madrid de Carlos III
_v13
_9180033
852 _aES-MaACL
_j2172-F-14
999 _c67136
_d67136